Electromagnetics : (Record no. 17683)
[ view plain ]
| 000 -LEADER | |
|---|---|
| fixed length control field | 01205nam a22003137i 4500 |
| 003 - CONTROL NUMBER IDENTIFIER | |
| control field | EG-ScBUE |
| 005 - DATE AND TIME OF LATEST TRANSACTION | |
| control field | 20250622085801.0 |
| 008 - FIXED-LENGTH DATA ELEMENTS--GENERAL INFORMATION | |
| fixed length control field | 131027t1993 nyua f d 001 0 eng d |
| 020 ## - INTERNATIONAL STANDARD BOOK NUMBER | |
| International Standard Book Number | 0780353846 |
| 020 ## - INTERNATIONAL STANDARD BOOK NUMBER | |
| International Standard Book Number | 9780780353848 |
| 040 ## - CATALOGING SOURCE | |
| Original cataloging agency | EG-ScBUE |
| Language of cataloging | eng |
| Description conventions | rda |
| Transcribing agency | EG-ScBUE |
| Modifying agency | EG-ScBUE |
| 082 04 - DEWEY DECIMAL CLASSIFICATION NUMBER | |
| Classification number | 537 |
| Item number | ELL |
| Edition number | 22 |
| 100 1# - MAIN ENTRY--PERSONAL NAME | |
| Personal name | Elliott, Robert Stratman, |
| Dates associated with a name | 1921- |
| Relator term | author. |
| 9 (RLIN) | 34213 |
| 245 ## - TITLE STATEMENT | |
| Title | Electromagnetics : |
| Remainder of title | history, theory, and applications / |
| Statement of responsibility, etc | Robert S. Elliott, hughes chair professor of electromagnetics, University of California, Los Angles. |
| 264 #1 - PUBLICATION, DISTRIBUTION, ETC. (IMPRINT) | |
| Place of publication, distribution, etc | New York : |
| Name of publisher, distributor, etc | The Institute of Electrical and Electronics Engineers, Inc., |
| Date of publication, distribution, etc | [1993] |
| 264 #4 - PUBLICATION, DISTRIBUTION, ETC. (IMPRINT) | |
| Date of publication, distribution, etc | c1993 |
| 300 ## - PHYSICAL DESCRIPTION | |
| Extent | xxii, 631 pages : |
| Other physical details | illustrations ; |
| Dimensions | 26 cm. |
| 336 ## - CONTENT TYPE | |
| Source | rdacontent |
| Content type term | text |
| Content type code | txt |
| 337 ## - MEDIA TYPE | |
| Media type term | unmediated |
| Source | rdamedia |
| Media type code | n |
| 338 ## - CARRIER TYPE | |
| Carrier type term | volume |
| Carrier type code | nc |
| Source | rdacarrier |
| 490 0# - SERIES STATEMENT | |
| Series statement | IEEE Press series on electromagnetic waves |
| 500 ## - GENERAL NOTE | |
| General note | "IEEE Antennas and Propagation Society, sponsor." |
| 500 ## - GENERAL NOTE | |
| General note | Includes glossary.<br/> |
| 500 ## - GENERAL NOTE | |
| General note | Includes indexes.<br/> |
| 504 ## - BIBLIOGRAPHY, ETC. NOTE | |
| Linkage | "IEEE Antennas and Propagation Society, sponsor." |
| 650 #7 - SUBJECT ADDED ENTRY--TOPICAL TERM | |
| Topical term or geographic name as entry element | Electromagnetic theory. |
| Source of heading or term | BUEsh |
| 9 (RLIN) | 34217 |
| 655 ## - INDEX TERM--GENRE/FORM | |
| Form subdivision | Reading book |
| 942 ## - ADDED ENTRY ELEMENTS (KOHA) | |
| Source of classification or shelving scheme | Dewey Decimal Classification |
| Koha item type | Book - Borrowing |
| Withdrawn status | Lost status | Source of classification or shelving scheme | Damaged status | Not for loan | Collection code | Home library | Current library | Shelving location | Date acquired | Source of acquisition | Total Checkouts | Full call number | Barcode | Date last seen | Koha item type |
|---|---|---|---|---|---|---|---|---|---|---|---|---|---|---|---|
| Dewey Decimal Classification | Baccah | Central Library | Central Library | First floor | 27/10/2013 | Purchase | 537 ELL | 000029467 | 15/07/2025 | NB - Book (Non borrowing) |